000 01707nam a2200457 a 4500
999 _c5761
_d5761
001 010161945
003 UkOxU
005 20220620125903.0
008 880808s1987 mdua b 001 0 eng
010 _a7803-5957
020 _a0683069004
035 _a0683069004
040 _aNRT
_cALUPE UNIVERSITY
_dVET
_dOCL
050 _aQP6
_b.N47 1987
090 _aQP6
_b.H25 sect.1 v.5 1987
092 _aD0400207995
110 2 _aAmerican Physiological Society (1887- )
245 1 4 _aThe nervous system.
_nVol. V,
_pHigher functions of the brain /
_csection editor, Vernon B. Mountcastle ; volume editor, Fred Plum ; executive editor, Stephen R. Geiger.
250 _a[Rev. ed.]
260 _aBethesda, Md :
_bAmerican Physiological Society,
_cc1987.
300 _a2 pt. (vii, 481, xxv) :
_bill ;
_c29 cm.
490 1 _aHandbook of physiology ;
_vsection 1, v. 5
500 _a"Formerly Section 1 : Neurophysiology."
504 _aIncludes bibliographies and index.
650 0 _aHigher nervous activity.
650 0 _aNeurophysiology.
700 1 _aMountcastle, Vernon B.
700 1 _aPlum, Fred,
_d1924-2010
700 1 _aGeiger, Stephen R.
740 4 _aThe nervous system
740 0 _aHigher functions of the brain
830 0 _aHandbook of physiology (Bethesda, Md.) ;
_vsection 1, v. 5.
942 _2lcc
_cBK
_nAB